000 01370cam a2200337Ia 4500
001 ebr10516136
003 CaPaEBR
006 m u
007 cr cn|||||||||
008 110613s2011 ncua sb s001 0deng d
010 _z 2011022142
020 _z0807834963
020 _z9780807834961
020 _z9780807869031
040 _aCaPaEBR
_cCaPaEBR
035 _a(OCoLC)767952991
050 1 4 _aPN4872
_b.F35 2011eb
082 0 4 _a070.4082
_223
100 1 _aFahs, Alice.
245 1 0 _aOut on assignment
_h[electronic resource] :
_bnewspaper women and the making of modern public space /
_cAlice Fahs.
260 _aChapel Hill :
_bUniversity of North Carolina Press,
_cc2011.
300 _a360 p. :
_bill.
504 _aIncludes bibliographical references and index.
533 _aElectronic reproduction.
_bPalo Alto, Calif. :
_cebrary,
_d2011.
_nAvailable via World Wide Web.
_nAccess may be limited to ebrary affiliated libraries.
650 0 _aWomen journalists
_zUnited States
_vBiography.
650 0 _aWomen in journalism
_zUnited States
_xHistory
_y20th century.
650 0 _aWomen and journalism
_zUnited States
_xHistory
_y20th century.
655 7 _aElectronic books.
_2local
710 2 _aebrary, Inc.
856 4 0 _uhttp://site.ebrary.com/lib/rucke/Doc?id=10516136
_zAn electronic book accessible through the World Wide Web; click to view
999 _c225410
_d225410